000 00917pam a2200277 a 4500
001 1098
005 20230815155607.0
008 941104s1995 nyua j 000 1 eng
020 _a0399228497
040 _aDLC
_cDLC
_dDLC
_beng
050 0 0 _aPZ7.D2394
_bAl 1995
082 0 0 _a[Fic]
_220
100 1 _aDanziger, Paula,
_d1944-2004.
245 1 0 _aAmber Brown goes fourth /
_cPaula Danziger ; illustrated by Tony Ross.
260 _aNew York :
_bPutnam's Sons,
_c1995.
300 _a101 pages :
_billustrations ;
_c20 cm
505 _aO
520 _aEntering fourth grade, Amber faces some changes in her life as her best friend moves away and her parents divorce.
521 _a630
_bLexile
521 _aO
_bRaz-Plus
650 1 _aFriendship
_xFiction.
650 1 _aDivorce
_xFiction.
650 1 _aSchools
_xFiction.
906 _a7
_bcbc
_corignew
_d1
_eocip
_f19
_gy-gencatlg
942 _2ddc
_cBK
_n0
999 _c1098
_d1098